| 000 | 00956nas a2200301 4500 | ||
|---|---|---|---|
| 001 | BR2016000151 | ||
| 003 | BR-BrBNA | ||
| 005 | 20231205130027.0 | ||
| 007 | ta | ||
| 008 | 230509b bl.|||p| |||| 00| 00por d | ||
| 040 |
_aBR-BrBNA _bpor _cBiblioteca Nacional de Agricultura |
||
| 041 | _a(Pt) | ||
| 072 | _aP35; F04 | ||
| 100 | 1 | _aChaves, L.H.G. | |
| 100 | 1 | _aTito, G.A. | |
| 100 | 1 | _aChaves, I.B. | |
| 100 | 1 | _aLuna, J.G. | |
| 100 | 1 | _aSilva, P.C.M. | |
| 245 | 1 | _aPropriedades químicas do solo aluvial da Ilha de Assuncão - Cabrobó (Pernambuco) | |
| 650 | _aFERTILIDADE DO SOLO | ||
| 650 | _aANÁLISE DO SOLO | ||
| 650 | _aQUÍMICA | ||
| 650 | _aMATÉRIA ORGÂNICA | ||
| 773 | 0 |
_tRevista Brasileira de Ciência do Solo (Brazil) _xISSN 1806-9657 _g(May-Jun 2004), v. 28(3) p. 431-437 _wBR2016000151 |
|
| 856 | 4 | 0 | _uhttp://www.scielo.br/pdf/rbcs/v28n3/a04v28n3.pdf |
| 909 |
_a202311 _bLúcia _c55 _dLúcia Elande |
||
| 942 |
_2AGRIS _n0 _cANA |
||
| 999 |
_c247516 _d247516 |
||